| Tag |
First Indicator |
Second Indicator |
Subfields |
| LEADER |
00000pam a2200000 a 4500 |
| 001 |
in00000098706 |
| 005 |
20150924090006.0 |
| 008 |
810107s1981 okua b 00110bengm |
| 010 |
|
|
|a 80005940
|
| 020 |
|
|
|a 0806116021 :
|c $14.95
|
| 035 |
|
|
|a (OCoLC)07196759
|
| 035 |
|
|
|9 AAK9815AM
|
| 039 |
0 |
|
|a 2
|b 3
|c 3
|d 3
|e 3
|
| 040 |
|
|
|a DLC
|c DLC
|d m.c.
|d TXA
|d UtOrBLW
|
| 043 |
|
|
|a n-usp--
|
| 049 |
|
|
|a TXAM
|c [1633474]
|
| 050 |
0 |
0 |
|a E99 A7
|b C63
|
| 082 |
0 |
|
|a 970.004/97
|a B
|2 19
|
| 100 |
1 |
|
|a Coel, Margaret,
|d 1937-
|
| 245 |
1 |
0 |
|a Chief Left Hand, Southern Arapaho /
|c by Margaret Coel.
|
| 250 |
|
|
|a 1st ed.
|
| 264 |
|
1 |
|a Norman :
|b University of Oklahoma Press,
|c [1981]
|
| 264 |
|
4 |
|c ©1981
|
| 300 |
|
|
|a xiv, 338 pages :
|b illustrations ;
|c 24 cm.
|
| 336 |
|
|
|a text
|b txt
|2 rdacontent
|
| 337 |
|
|
|a unmediated
|b n
|2 rdamedia
|
| 338 |
|
|
|a volume
|b nc
|2 rdacarrier
|
| 490 |
1 |
|
|a The Civilization of the American Indian series ;
|v [v. 159]
|
| 500 |
|
|
|a Includes index.
|
| 504 |
|
|
|a Bibliography: pages [319]-329.
|
| 600 |
0 |
0 |
|a Left Hand,
|c Southern Arapaho chief,
|d approximately 1820-1864?
|
| 650 |
|
0 |
|a Arapaho Indians
|x History.
|
| 650 |
|
0 |
|a Arapaho Indians
|x Biography.
|
| 830 |
|
0 |
|a Civilization of the American Indian series ;
|v v. 159.
|
| 999 |
|
|
|a MARS
|
| 999 |
f |
f |
|s 744a8cce-55a4-34f1-b0f9-9fac60f02f90
|i 97a25c0f-b4de-3328-ae4e-90685293e7f7
|t 0
|
| 952 |
f |
f |
|p ric
|a Texas A&M University
|b Rellis Campus
|c Joint Library Facility
|d Remote Storage
|t 0
|e E99 A7 C63
|h Library of Congress classification
|i unmediated -- volume
|m A14806035539
|
| 998 |
f |
f |
|a E99 A7 C63
|t 0
|l Remote Storage
|